| 000 | 01068nam a2200313 i 4500 | ||
|---|---|---|---|
| 003 | EG-GICUC | ||
| 005 | 20260215090435.0 | ||
| 008 | 260215s1993 au ||||fr|||| 00| 0 eng d | ||
| 040 |
_aEG-GiCUC _beng _cEG-GiCUC _dEG-GiCUC _erda |
||
| 082 | 0 | 4 |
_221 _a341.48 |
| 092 | 0 | 4 | _221 |
| 099 | _aLaw 11 1993 | ||
| 245 | 0 | 0 |
_aInternational Human Rights : _bDocuments and introductory notes / _cedited and annotated by Felix Ermacora, Manfred Nowak, Hannes Tretter. |
| 264 |
_aVienna : _bLaw Books in Europe, _c1993. |
||
| 300 |
_avii, 343 pages : _c24 cm _billustrations, |
||
| 336 |
_2rda content _atext |
||
| 337 |
_2rda media _aComputer |
||
| 338 |
_2rda carrier _aOnline Resource |
||
| 504 | _aBibliography: pages 200-250. | ||
| 650 | 0 |
_aHuman rights _xSources _2qrmak |
|
| 650 | 0 |
_aInternational law _2qrmak |
|
| 651 | 1 | _2qrmak | |
| 700 | 1 |
_aErmacora, Felix, _eeditor. |
|
| 700 | 1 |
_aNowak, Manfred, _eeditor. |
|
| 700 | 1 |
_aTretter, Hannes, _eeditor. |
|
| 856 | 4 | 0 | _uhttps://fll.law.cu.edu.eg/fulltext/bks/ENGB11-00134.pdf |
| 905 | _a10 | ||
| 942 |
_2ddc _cBK _e21 _n0 |
||
| 999 |
_c63061 _d63061 |
||